000 00809nam a2200253 i 4500
001 000038265
003 DO-SdBNP
005 20240304103305.0
007 ta
008 090706s1985 dr r l000 0 spa d
040 _aDO-SdBNP
_bspa
_cBNPHU
_erda
082 4 _bC614m
_222
100 _aClase Hijo, Pablo
_9386
_eautor
245 1 0 _aMaria Montez mujer y estrella /
_cPablo Clase Hijo
264 _aSanto Domingo :
_bEditorial del Nordeste.
_c1985.
300 _a113 paginas :
_bilustraciones ;
_c21 cm.
336 _2rdacontent
_atexto
_btxt
337 _2rdamedia
_asin mediación
_bn
338 _2rdacarrier
_avolumen
_bnc
590 _aInventariado, 2023/DG
710 1 _aRepública Dominicana.
_b Secretaría de Estado de Medio Ambiente y Recursos Naturales
_914503
910 _aDG
942 _2ddc
_cLBS1
999 _c54943
_d54943